PARTICLES INTERACTIONS IN COMPOSITES REINFORCED BY FIBRE AND SPHERICAL INCLUSIONS

Bibliographic Details
Main Authors: Zmindak, Milan (Author), Novák, Pavol, 1972- (Author)
Format: Article
Language:English

MARC

LEADER 00000nab a2200000ua 4500
001 vtls010848673
003 SK-MaSNL
005 20260303182710.0
008 230218s2009 xo |||||||||||||||||eng|
035 |a (urnnbn)urn:nbn:sk:snk:ar-a078r5 
035 |a urn:nbn:sk:snk-ab69js 
035 |a (uuid)bc3c1fa6-6691-49c8-8aae-b7279871aec6 
040 |a SNKBUCL  |b slo  |c SNKBUCL  |e AACR2 
041 0 |a eng 
044 |a xo  |c SK 
100 1 |a Zmindak, Milan  |4 aut  |9 784641 
245 1 0 |a PARTICLES INTERACTIONS IN COMPOSITES REINFORCED BY FIBRE AND SPHERICAL INCLUSIONS  |c Milan Zmindak, Pavol Novak 
700 1 |a Novák, Pavol,  |d 1972-  |4 aut  |9 224239 
773 0 |t Komunikácie : vedecké listy Žilinskej univerzity  |g Roč. 11, č. 2 (2009), s. 13-18 
958 |a OND 
958 |a EUIPO 
958 |a article5 
999 |c 2117915  |d 2119845